ह.रा.महाजनी चिंतन शलाका (वा.क.क्र.1/6) (Record no. 410220)

MARC details
000 -LEADER
fixed length control field 00611nam a2200157Ia 4500
008 - FIXED-LENGTH DATA ELEMENTS--GENERAL INFORMATION
fixed length control field 100122s9999 xx 000 0 und d
082 ## - DEWEY DECIMAL CLASSIFICATION NUMBER
Item number 22353
Classification number 824
100 ## - MAIN ENTRY--PERSONAL NAME
Personal name महाजनी ह रा
245 ## - TITLE STATEMENT
Title ह.रा.महाजनी चिंतन शलाका (वा.क.क्र.1/6)
250 ## - EDITION STATEMENT
Edition statement 0
260 ## - PUBLICATION, DISTRIBUTION, ETC. (IMPRINT)
Name of publisher, distributor, etc कमलिनी फडके
Date of publication, distribution, etc 1974
300 ## - PHYSICAL DESCRIPTION
Extent 158
630 ## - SUBJECT ADDED ENTRY--UNIFORM TITLE
Uniform title ह.रा.महाजनी चिंतन शलाका (वा.क.क्र.1/6)
730 ## - ADDED ENTRY--UNIFORM TITLE
Uniform title ह.रा.महाजनी चिंतन शलाका (वा.क.क्र.1/6)
942 ## - ADDED ENTRY ELEMENTS (KOHA)
Koha item type Book
Holdings
Withdrawn status Lost status Damaged status Not for loan Home library Current library Shelving location Date acquired Cost, normal purchase price Total Checkouts Full call number Barcode Date last seen Cost, replacement price Price effective from Koha item type Public note
        S.V. Pathak Library, Vile Parle S.V. Pathak Library, Vile Parle   07/22/1975 12.00   22353 SVPPARLE-22353 01/25/2010 12.00 01/25/2010 Book (वा.क.क्र.1/6) Edited NA